000 02319cam a22005534i 4500
003 PE-LiUPU
005 20250731180104.0
008 150617s r 000 0 d
020 _a8475091075
035 _a(Sirsi) i9788475091075
040 _aPE-LiUPU
_bspa
_cPE-LiUPU
_erda
049 _aPRUA
082 0 4 _a500.1
_bN16
_221
100 1 _aNagel, Ernest,
_eautor.
245 1 3 _aLa estructura de la ciencia :
_bProblemas de la lógica de la investigación científica /
_cErnest Nagel.
264 1 _aBuenos Aires :
_bEdiciones Paidos,
_c1981.
300 _a556 páginas ;
_c22 centímetros
336 _atext
_2rdacontent
337 _aunmediated
_2rdamedia
338 _avolume
_2rdacarrier
490 0 _aPaidos Studio/Básica
505 0 _aLa ciencia en el sentido común -- Modelos de explicación científica -- El modelo deductivo de esplicación -- El carácter lógico de las leyes científicas -- La leyes esperimentales y las teorías -- El status cognoscitivo de las teorías -- Las explicaciones mecánicas y la ciencia de la mecánica -- El espacio y la geometría -- La geometría y la física -- Causalidad e indeterminismo en la teoría física -- La reducción de las teorías -- Explicación mecanicista y biología organicista -- Explicación metodológicos de las ciencias sociales -- Explicación y comprensión en las ciencias sociales -- Problemas de la lógica de la investigación histórica.
526 _aSEG44
526 _aSEG26
526 _aP159
526 _aP155
526 _aP154
526 _aP153
526 _aP150
526 _aP100
526 _aP31
526 _aP30
526 _aP26
526 _aP25
526 _aP24
526 _aP22
526 _aP15
526 _aP10
650 0 4 _aCiencia
_xFilosofía.
650 0 4 _aInvestigación.
650 0 4 _aLógica.
910 _ajck
_bjvq
_cjck
_d20150616
942 _2ddc
_cBOOK
949 _a500.1 N16
_wDEWEY
_c1
_i29576
_lCCODEBUL1
_mBUL
_r0
_sY
_tBOOK
_u2015-6-17
_xEDUCACION
_zUNKNOWN
_0COMPRA
_o.STAFF. Colección General
994 _aC0
_bPEPRU
596 _a1
999 _a500.1 N16
_wDEWEY
_c19230
_i29576
_d19230
_f2021-11-5
_g5
_lCCODEBUL1
_mBUL
_q2
_r0
_sN
_tBOOK
_u2015-6-17
_xBIBLIOTECA
_zUNKNOWN
_0COMPRA
_o.STAFF. Colección General
980 _81
_gALBERTO SANCHEZ Responsable de Automatización